Statistics for Sociology 101- mini quiz 3

Click here to take the quiz!

General Stats

  • This quiz has been taken 19 times
  • The average score is 2 of 26

Answer Stats

HintAnswer% Correct
Departs from society's norms and valuesDeviance
94%
Society and the law operates impartially to punish deviance. Deviance may be an outcome of inequality.Conflict Theory
44%
Punishment
31%
Rehabilitate
19%
Deterence
6%
What part does gender socialization play in promoting deviance, and violence?Feminist Theory
6%
Calculate the cost and benefits associated with committing an act of deviance. (if it is more rewarding than non-deviant behavior)Rational Choice Theory
6%
Constucting ideas about the world and how it worksSocial construction
6%
Both internal and external factors work against our tendency to deviate. stronger our bonds are with society, the more effective our inner controls are. (commitments, beliefs, involvements)Social Contract Theory
6%
A rapid or constant shift results in deviance; if young people aren't given some type of guidance of structure.Social Disorganization Theory
6%
Society socializes large numbers of people to desire a cultural goal, but withholds from some the approved means of reaching that goal. Deviance- an "adaptation"Strain Theory
6%
Receive both messages encouraging conformity, but also deviance- we end up with more of one. we learn to conform or deviate to society's normsDifferential Association Theory
0%
What we directly sayExpressions given
0%
What we show and display/ the atmosphere that is given offExpressions given off
0%
Family structure
0%
Definition of the situationImpression managment
0%
Interconected blocks of society
0%
The labels people are given affect their own and others' perception of them, channeling their behavior into deviance or conformity.Labeling Theory
0%
Order & structure behavior
0%
Protect citizens
0%
Purposes of incarcerationPurposes of incarceration
0%
Confliction expectations between 2 or more causesRole conflict
0%
Expected behaviors, dissociated roles with statusRoles
0%
Tension within a roleRole strain
0%
Patterns or habits of behavior at the societal levelSocial institutions
0%
Three main points about social institutionsThree main points about social institutions
0%

Score Distribution

Percentile by Number Answered

Percent of People with Each Score

Your Score History

You have not taken this quiz